000 00662cam a2200241 a 4500
008
020 _a0471930776 (pbk.)
049 _aMAIN
090 _aQC451
100 1 _aHollas, J. Michael
245 1 0 _aModern spectroscopy /
_cJ. Michael Hollas.
250 _a2nd ed.
260 _aChichester :
_bWiley,
_cc1992.
300 _axxi, 407 p. :
_bill. ;
_c23 cm.
504 _aIncludes bibliographical references.
500 _aIncludes index.
650 0 _aSpectrum analysis.
907 _a.b1003271x
_b16-09-05
_c17-04-03
003
005 20230123133815.0
040 _cNUST
942 _cBOOKS
_kQC451
999 _c154978
_d154978